Paroles - Damso - N. J Respect R - Statistiques

Statistiques générales
  • Ce quiz a été pris 2 892 fois
  • Le résultat moyen est 348 sur 491
Statistiques - réponses
Réponse % Correct
J'
99%
j'
99%
m'
98%
c'
97%
d'
97%
R
97%
t'
97%
en
96%
je
96%
qu'
95%
Qu'
95%
respect
95%
a
94%
à
94%
n'
94%
ce
92%
de
92%
pas
92%
que
92%
ton
92%
cul
91%
moi
91%
Moi
91%
est
90%
tu
90%
Tu
90%
boyfriend
89%
veux
89%
fous
88%
l'
88%
respecte
88%
ces
87%
ai
86%
me
86%
on
86%
ne
85%
vie
85%
Et
84%
et
84%
croyais
83%
Ma
83%
ma
83%
sa
83%
te
83%
Te
83%
c'est
82%
viens
82%
la
81%
La
81%
no
81%
ou
81%
81%
si
81%
chialer
80%
aime
78%
G
78%
le
78%
mon
77%
Personne
77%
ça
76%
non
76%
par
76%
qui
76%
y
76%
dans
75%
car
73%
suis
73%
renoi
72%
aimera
71%
Donc
71%
donc
71%
elle
71%
faire
71%
fils
71%
étonne
70%
les
70%
se
70%
toi
70%
va
70%
au
69%
bien
69%
Enculé
69%
Ouais
69%
ouais
69%
très
69%
dit
68%
pour
68%
Parle
67%
parle
67%
putain
67%
sait
67%
son
67%
souviens
67%
Souviens
67%
trouveras
67%
il
66%
salope
66%
tes
66%
petite
65%
quand
65%
Louboutin
64%
ze-bla
64%
faut
63%
hier
63%
jamais
63%
manquer
63%
mariage
63%
aucun
62%
étonnes
62%
soutien
62%
Des
61%
des
61%
part
61%
un
61%
cé-per
60%
connaît
60%
fait
60%
m'étonne
60%
parles
60%
Bah
59%
as
58%
depuis
58%
essuie
58%
train
58%
grammaire
57%
joue
57%
jours
57%
plus
57%
Plus
57%
putes
57%
tous
57%
vois
57%
toujours
56%
condés
55%
crew
54%
loin
54%
phoné
54%
son-pri
54%
tour
54%
près
53%
training
53%
Du
52%
du
52%
école
52%
ils
52%
Tends
52%
aiment
51%
enculer
51%
tout
51%
uc
51%
Dems
50%
fais
50%
monde
49%
aillent
48%
sais
48%
veut
48%
OG
47%
mettre
45%
trop
45%
ait
44%
s'faire
44%
baiser
43%
dos
43%
tralala
43%
point
42%
parce
41%
arrives
39%
méditation
39%
Ah
38%
lâches
38%
rêves
38%
voudront
38%
mélo
36%
rayonné
36%
rive
36%
changer
35%
monnaie
35%
niquée
35%
oublier
35%
Stress
35%
avant
34%
go
34%
Louvre
34%
mais
34%
méli
34%
Après
33%
comme
33%
finir
33%
nez
33%
trous
33%
atteignes
32%
Négro
32%
bouche
31%
mood
31%
mots
31%
nom
31%
ouvre
31%
reconnait
31%
voir
31%
avec
30%
même
30%
Nan
30%
sur
30%
enculade
29%
être
29%
agoniser
28%
mise
28%
rient
28%
sommet
28%
beau
27%
Ben
27%
buccal
27%
enceintes
27%
Grégorio
27%
noieront
27%
shit
27%
simple
27%
fallait
26%
fort
26%
marshmallow
26%
sachant
26%
Champs-Elysées
25%
crachat
25%
fumée
25%
pisserai
25%
schneck
25%
chaud
24%
trafics
24%
une
24%
carbonisé
23%
peins
23%
écris
22%
flippe
22%
couplets
21%
règne
21%
nègre
20%
sirote
20%
comptais
19%
douze
19%
Mélie
18%
prods
18%
zik
18%
tribulations
17%
écoute
15%
plan
11%
Hainaut
7%
Damsohizé
4%
Damsette
3%
Aucun quiz correspondant
Distribution des résultats
% des personnes avec chaque résultat
Percentile par nombre de réponses
Votre historique - résultats
Vous n’avez pas pris ce quiz